000
00202nam a2200109Ia 4500
100
_a
WALTER LWRIE
942
_c
BK
245
_a
SOREN KIERKE GAORD
260
_b
#N/A
546
_a
ENGLISH
999
_c
25714
_d
25714